| 000 | 00723cab a2200241 4500 | ||
|---|---|---|---|
| 001 | ABS58023 | ||
| 008 | 090401t1997 xxu||||| |||| 00| 0 eng d | ||
| 035 | _a(Sirsi) u82720 | ||
| 041 | _aeng | ||
| 245 | _aCost study: Laboratory HQ | ||
| 260 | _c1997 | ||
| 350 | _a0 | ||
| 490 |
_aBuilding _v262(8019) 12 December 1997, 44-49(5) |
||
| 520 | _aAnalysis of client brief, procurement methods, design, construction and costs of combined laboratory/offices, Nottingham. | ||
| 650 | _aBUILT ENVIRONMENT-BUILDING COSTS | ||
| 650 | _aCOST ANALYSIS | ||
| 650 | _aLABORATORIES | ||
| 650 | _aNOTTINGHAM | ||
| 650 | _aProcurement-old | ||
| 690 | _aBUILT ENVIRONMENT-BUILDING COSTS | ||
| 942 | _n0 | ||
| 948 | _c16/12/1997 | ||
| 999 |
_c52244 _d52244 |
||